| 000 | 00000nas 2200000za 4500 |
| 001 | 9.506992 |
| 003 | CaOODSP |
| 005 | 20250627124911 |
| 007 | cr ||||||||||| |
| 008 | 150406c20009999oncar p o f0 a0eng|d |
| 020 | |z0-622-66928-2|z0-662-67710-2|z0-622-68391-9|z0-662-69437-6|z978-0-662-69723-7|z978-0-662-05146-6 |
| 022 | |a1920-6887 |
| 040 | |aCaOODSP|beng |
| 043 | |an-cn--- |
| 086 | 1 |aFA1-3E-PDF|zFA3-22/2000|zFA3-22/2002|zFA3-22/2003|zFA1-3/2004|zFA1-3/2005|zFA1-3/2006|zFA1-3/2007 |
| 110 | 1 |aCanada. |bOffice of the Auditor General. |
| 245 | 10|aEmployment equity in the Office of the Auditor General of Canada |h[electronic resource] : |bannual report. |
| 246 | 14|aEmployment equity |
| 260 | |a[Ottawa] : |bOffice of the Auditor General of Canada, |cc2000- |
| 310 | |aAnnual |
| 362 | 1 |aBegan with 1999/2000. |
| 500 | |aIssued also in French under title: L'équité en matière d'emploi, Bureau du vérificateur général du Canada, rapport annuel. |
| 690 | 07|aEmployment equity|2gcpds |
| 775 | 08|tL'équité en matière d'emploi, Bureau du vérificateur général du Canada |w(CaOODSP)9.503384 |
| 776 | 0#|tEmployment equity in the Office of the Auditor General of Canada, annual report |w(CaOODSP)9.801610 |